| 000 | 00639nam a2200277Ia 4500 | ||
|---|---|---|---|
| 008 | 210210b2011 xxu||||| |||| 00| 0 eng d | ||
| 020 | _a9788131514863 | ||
| 041 | _aeng | ||
| 082 | _a658.3 PRIH | ||
| 100 | _aPRICE (Alan) | ||
| 245 | _aHuman resource management: in a business context Ed 3 | ||
| 250 | _a | ||
| 260 |
_aAustralia _bCengage learning _c2011 |
||
| 300 | _axxi,648 | ||
| 650 | _aresource | ||
| 650 | _amanagement: | ||
| 650 | _ain | ||
| 650 | _aHuman | ||
| 650 | _aEd | ||
| 650 | _acontext | ||
| 650 | _abusiness | ||
| 650 | _aa | ||
| 650 | _a3 | ||
| 690 | _aHuman Resource Management | ||
| 906 | _a066061 | ||
| 999 |
_c146818 _d146818 |
||